Marketing gastronomického zariadenia diplomová práca

Saved in:
Bibliographic Details
Main Author: Fitzelová, Laura
Corporate Author: Obchodná fakulta EU. Katedra marketingu
Other Authors: Drábik, Peter, 1981-
Format: Book
Language:Slovak
Published: Bratislava 2019
Tags: Add Tag
No Tags, Be the first to tag this record!

MARC

LEADER 00000nbm a2200000 4500
001 0254039
005 20190704134115.4
041 0 |a slo 
044 |a SK 
245 1 0 |a Marketing gastronomického zariadenia  |b diplomová práca  |c Laura Fitzelová ; školiteľ: Peter Drábik 
264 1 |a Bratislava  |c 2019 
300 |a 68 s. 
100 1 |a Fitzelová, Laura 
700 1 |a Drábik, Peter, 1981- 
710 2 |a Obchodná fakulta EU. Katedra marketingu